1185 1564 1285 1043 1419 1023 1828 1255 1146 1882 1237 1325 1801 1748 1599 1219 1947 1459 1065 1051 1593 1718 1668 1487 1290 1853 1207 1782 1976 1870 1718 1359 1873 1897 1322 1422 1022 1336 1113 1505 1191 1932 1536 1406 1242 1085 1364 1624 1263 1175 1468 1500 1738 1181 1659 1255 1044 1248 1900 1091 1930 1101 1622 1531 1246 1471 1303 1205 1808 1893 1072 1317 1334 1697 1219 1374 1966 1442 1201 1474 1679 1161 1917 1023 1753 1192 1063 1943 1073 1630 1428 1441 1480 1982 1857 1128 1400 1518 1658 BCNSPRNW ULIB Ver.6.0+V

เปลี่ยนเป็นภาษาไทย

Change to English
 แสดงรายละเอียดบรรณานุกรม
  กลับหน้าหลัก

Brief Record : Get Marc (ISO 2709) : E-mail record : QR code < ปิดหน้าต่าง
LEADER : 00000nam 2200000uu 4500
001    13399127734
003     ULIB
008    210513s2556||||th 000 0 tha d
020    ู^a9786162990892
050    ^aนว^bช799จ^cล.4
100    ^aโชอู
245    ^aจอมกระบี่เทพสังหาร เล่ม 4
250    ^aพิมพ์ครั้งที่ 1
260    ^aกรุงเทพฯ :^bสยามอินเตอร์บุ๊คส์,^c2556
300    ^a231 หน้า;^b21 ซม.
650    ^aนวนิยาย
945    ^p220^l0^i008045
999    ^aประนอม เกษจรัล
รายการนี้ยังไม่มีแท็ก
คุณยังไม่ได้ล็อกอิน คุณสามารถมีกิจกรรมร่วมกับเว็บไซต์ได้ แต่ต้องล็อกอินก่อน ::
  ล็อกอิน

รายการสื่อสารสนเทศ

ลำดับที่ ประเภท เลขเรียก/บาร์โค้ด สถานที่ สถานะ
1. นวนิยาย
นวนิยาย
นว ช799จ ล.4 ฉ.1 
  Barcode: 008045
ห้องสมุดวิทยาเขตสวรรค์ประชารักษ์
►หนังสือทั่วไป
บนชั้น

รายการใกล้เคียง
    ผู้แต่ง [โชอู]

    หัวเรื่อง [นวนิยาย]

BibComment


ยังไม่เคยถูกคอมเมนท์

คอมเมนท์ทรัพยากรรายการนี้
  คอมเมนท์: จอมกระบี่เทพสังห..


 Copyright 2026. Bcnsprnw @Library